Univerzitné centrum STU

Enregistré dans:
Détails bibliographiques
Auteur principal: Lepáček, Marek (Auteur)
Autres auteurs: Húsenicová, Jarmila (Directeur de thèse)
Format: Manuscrit Livre
Langue:slovaque
Publié: 2017
Sujets:
Accès en ligne:http://is.stuba.sk/zp/portal_zp.pl?podrobnosti=127724
https://opac.crzp.sk/?fn=detailBiblioForm&sid=D79A57A76A32382FFDB3A25572E0
Tags: Ajouter un tag
Pas de tags, Soyez le premier à ajouter un tag!

MARC

LEADER 00000ntm a22000003a 4500
001 stuzp62468
003 SK-STU
005 20230815143209.1
007 ta
008 150427s2015----xo-----f-mn---000-0-slo-d
040 |a STU  |b slo 
041 0 |a slo 
100 1 |a Lepáček, Marek  |u 010310  |4 aut  |U SvF Stavebná fakulta  |T SvF Katedra architektúry  |X 39955  |U V181|V310  |Y 19  |7 39955 
242 0 1 |a University center STU  |y eng 
245 1 0 |a Univerzitné centrum STU 
260 |c 2017 
650 4 |a Univerzita,  |2 slo 
650 4 |a študenti,  |2 slo 
650 4 |a zelená strecha  |2 slo 
650 4 |a students  |2 eng 
650 4 |a green roof  |2 eng 
650 4 |a University  |2 eng 
700 1 |a Húsenicová, Jarmila  |u 010310  |k Z1  |4 ths  |U SvF Stavebná fakulta  |T SvF Katedra architektúry  |X 901  |U V181|V310  |Y 19  |7 A000000901 
856 4 |u http://is.stuba.sk/zp/portal_zp.pl?podrobnosti=127724 
856 4 |u https://opac.crzp.sk/?fn=detailBiblioForm&sid=D79A57A76A32382FFDB3A25572E0